Die 10 größten Städte in Luxemburg - Statistiken

Allgemein
  • Dieses Quiz wurde 143 mal gespielt
  • Das Durchschnittsergebnis liegt bei 4 aus 10
Antwortstatistiken
Einwohner Stadt % Korrekt
124.509 Luxemburg
100%
36.228 Esch an der Alzette
77%
21.513 Düdelingen
64%
27.869 Differdingen
54%
11.374 Bettemburg
27%
20.084 Petingen
25%
11.291 Schifflingen
19%
15.657 Hesperingen
14%
17.895 Sassenheim
11%
10.517 Käerjeng
9%
Keine übereinstimmenden Quizze gefunden
Verteilung der Resultate
Anzahl Personen mit jedem Resultat
Perzentil nach korrekt beantworteten Fragen
Ihre Resultats-Entwicklung
Sie haben dieses Quiz noch nicht gespielt